Open Data Biblioteca Nacional de Portugal


República Portuguesa: Ministério da Cultura
Biblioteca Nacional de Portugal

Catálogo da BNP: acesso por Identificadores Unívocos
Registos Bibliográficos associados ao registo de autoridade

Etiqueta de registo: 00254nam 2200025 450
001 2285524
003 http://id.bnportugal.gov.pt/bib/catbnp/2285524
010 ## $a978-972-8586-72-0
021 ## $aPT$b549757/25
100 ## $a20260429d2025 k y0pory01030103ba
101 0# $aeng
102 ## $aPT$aMO
105 ## $aa z 000yy
106 ## $ar
200 1# $aBeyond the seas$eroutes, traders and narratives of Macau and the South China Sea$fed. Arianna Magnani, Elisabetta Colla$gcoord. Carmen Amado Mendes, Isabel Murta Pina
210 #9 $aLisboa$cCentro Científico e Cultural de Macau ;$aMacau$cUniversidade de Macau,$d2025
215 ## $a342 p.$cil.$d23 cm
225 2# $aHistorical studies
702 #1 $aMagnani,$bArianna$4340$31997832
702 #1 $aDavid,$bElisabetta Colla Rosado Coelho$4340$31535612
702 #1 $aMendes,$bCarmen de Amado,$f1975?-$4340$31490032
702 #1 $aPina,$bIsabel Murta$4340$3979336
801 #0 $aPT$bBN$gRPC
966 ## $lBN$mFGMON$x1
966 ## $lBN$mFGMON$x1
971 ## $cssilva$d20260429

OpendataBNP@bnportugal.pt | Mais informação sobre acesso aos dados BNP